Statistiken für 100 bedeutende Texte der Weltgeschichte

Klicken Sie hier um das Quiz zu spielen!

Allgemein

  • Dieses Quiz wurde 176 mal gespielt
  • Das Durchschnittsergebnis liegt bei 20 aus 100

Antwortstatistiken

#AutorHinweisAntwort% Korrekt
2Paulus et al.Heiliges Buch des Christentums, beinhaltet auch das Tanach, das heilige Buch des JudentumsBibel
98%
1GottHeiliges Buch des IslamsKoran
95%
8Gebrüder GrimmSammlung an volkstümlichen Erzählung (Aschenputtel, Rotkäppchen, Schneewittchen etc.)Kinder- und Hausmärchen
75%
17Anne FrankBericht eines jüdisches Mädchens, welches sich aus Furcht vor der nationalsozialistischen Verfolgung in einem Dachboden in Amsterdam verstecktTagebuch der Anne Frank
62%
69Johann Wolfgang von GoetheDrama über einen alten Wissenschaftler der einen Pakt mit dem Teufel eingeht, um das Herz einer jungen Frau zu gewinnenFaust
60%
44William ShakespeareDrama, in dem sich in Verona zwei aus rivalisierenden Familien stammende Menschen verliebenRomeo und Julia
59%
38Hans Christian AndersenSammlung verschiedener Geschichten wie "Die kleine Meerjungfrau" oder "Die Prinzessin auf der Erbse"Märchen
58%
10HomerGriechischer Epos, welcher die Irrfahrt seines namensgebenden Helden schildertOdyssee
56%
68Astrid LindgrenKinderbuch über ein starkes Mädchen, welches zusammen mit einem Affen und einem Pferd ohne Eltern in einem Haus wohntPippi Langstrumpf
56%
63Joanne K RowlingBuchreihe über einen Zauberlehrling, der an der Schule Hogwarts lernt und gegen den bösen Zauberer Voldemort kämpfen mussHarry Potter
54%
45J.R.R. TolkienFantasy-Epos über Frodo und eine Gruppe Gefährten, die den bösen Herrscher Sauron bekämpfenDer Herr der Ringe
52%
49UnbekanntDeutsches Nationalepos über den Drachentöter Siegfried und das Rheingold.Das Nibelungenlied
48%
87Conrad Duden et alWörterbuch, welches de facto die Rechtschreibung in Deutschland festlegtDuden. Die deutsche Rechtschreibung
44%
28George OrwellDystopische Roman, in der die Bevölkerung von Ozeanien durch den "Großen Bruder" überwacht wird1984
43%
67Michael EndeKinderbuch, in der "Graue Herren" den Menschen ihre Zeit stehlen und die Titelheldin mit Hilfe von Meister Hora sie ihnen wieder zurückgeben willMomo
43%
13Antoine de Saint-ExuperyGeschichte eines außerirdischen Kindes, welches einen gestrandeten Piloten trifftDer kleine Prinz
42%
94Agatha ChristieKriminalroman, in dem der Detektiv Hercules Poirot einen Mord in einem Zug aufklären muss, bei dem alle Passagiere Verdächtige sindMord im Orient-Express
41%
18Charles DickensGeschichte vom geizigen Ebenezer Scrooge, welcher von drei Geistern heimgesucht wirdWeihnachtsgeschichte
40%
23Karl MarxUmfangreiche Abhandlung zur Nationalökonomie, welche in dialektischer Natur die Begriffe Arbeit, Wert, Profit etc. erläutertDas Kapital
39%
27UnbekanntSammlung verschiedener orientalischer Märchen, welche durch Scheherazade dem persischen König vorgetragen werdenDie Erzählungen aus den tausendundein Nächten
39%
82Mary ShelleyHorror-Science-Fiction-Roman, in dem ein Schweizer Wissenschaftler einen künstlichen Menschen erschafftFrankenstein oder Der neue Prometheus
39%
22Miguel de CervantesRoman vom Ritter von der Traurigen Gestalt, welcher mit seinem Gefährten Sancho Pansa unter anderem gegen Windmühlen kämpftDon Quijote
38%
76Lew N. TolstoiRoman, in der die Lebens- und Liebesgeschichten russischer Adliger im Rahmen der Napoleonischen Kriege erzählt wird. Erhält auch eine detaillierte Beschreibung der Schlacht von BorodinoKrieg und Frieden
32%
90Mallanaga VatsyayanaErotisches Lehrbuch, welches unter anderem für seine Beschreibungen verschiedener Sexualstellungen bekannt istKamasutra
31%
29Aldous HuxleyDystopischer Roman, in dem eine Weltregierung Menschen in verschiedenen Kasten (Alpha bis Epsilon) züchtet und Henry Ford verehrtSchöne Neue Welt
31%
83Heinrich HoffmannErziehungs-Bilderbuch mit teilweise drastischen Geschichten wie der vom Zappelphillip, dem Daumenlutscher oder dem SuppenkasperStruwwelpeter
30%
6Snorri SturlusonSammlung alt-nordischer Sagen, die in Island niedergeschrieben wurdenEdda
29%
32Victor HugoRoman über den Ex-Häftling Jean Valjean, welcher die Armut in Frankreichs im 19. Jahrhundert beschreibtDie Elenden
27%
98Erich Maria RemarquePazifistischer Roman, welcher die Sinnlosigkeit des Ersten Weltkrieges und das unnötige Blutvergießen an der Westfront beschreibtIm Westen nichts Neues
26%
93James JoyceRoman, welche die Irrreise des Protagonisten Stephen Dedalus durch Dublin schildert. Bekannt durch seine modern-avantgardistische ErzählweiseUlysses
26%
91Samuel BeckettAbsurdes Drama, bei dem zwei Figuren vergeblich auf einen messianischen Wohltäter wartenWarten auf Godot
26%
51Albert EinsteinAbhandlung über die Beziehung von physikalischen Größen in unterschiedlichen Bezugssystemen, den Zusammenhang von Raum, Zeit, Masse und Energie und der Invarianz der Lichtgeschwindigkeit im VakuumÜber die spezielle und die allgemeine Relativitätstheorie
25%
14Charles DarwinWerk, in der die Mechaniken der Evolutionstheorie diskutiert werdenDie Entstehung der Arten
23%
9HomerGriechischer Epos, welcher die Belagerung Trojas schildertIlliad
23%
37Thomas MorusRoman, in dem ein fiktiver Inselstaat mit einem "perfekten" Gesellschaftssystem beschrieben wird. Synonym für eine positive ZukunftsbeschreibungUtopia
23%
99Jules VerneScience-Fiction-Roman, welcher die Abenteuer der Besatzung des U-Bootes Nautilus erzählt. Wurde verfasst lange bevor es U-Boote gab20 000 Meilen unter dem Meer
21%
26Mormon et al.Das dritte Testament der Kirche Jesu Christi der Heiligen der Letzten TageDas Buch Mormon
21%
65Fjodor M. DostojewskiRoman über einen armen Studenten, der in Geldnot eine Pfandleiherin ermordert, weil er glaubt, das moralische Recht dazu zu habenSchuld und Sühne
20%
19UnbekanntAltenglisches Versepos, in der der namensgebende Held einen Drachen, das Monster Grendel sowie Grendels Mutter bekämpftBeowulf
19%
20Dante AlgieriVersepos, in der Held durch die neun Kreise der Hölle, die sieben Terassen des Fegefeuers und die neun Sphären des Paradieses reistDie Göttliche Komödie
19%
85Harriet Beecher StoweRoman, welcher die Sklaverei in Amerika anprangertOnkel Toms Hütte
19%
7Abba Arikha et al.Jüdische Textsammlung zur Gesetzauslegung, welcher die Tora kommentiert und erläutertTalmud
19%
5PlatoDialog, in der ein Idealstaat entworfen wird und die platonische Ideenlehre erläutert wird, beinhaltet das HöhlengleichnisPoliteia
18%
92Alexander SolschenizynWerk, in dem die Grausamkeit der sowjetischen Arbeitslager beschrieben wirdDer Archipel Gulag
17%
62Thomas HobbesPolitische Schrift, die eine durch einen Gesellschaftsvertrag legitimierte Despotie fordert, welche die Sicherheit der Untertanen garantiertLeviathan
17%
30OvidVersepos, in dem verschiedene Griechisch-Römische Sagen verarbeitet wurdenMetamorphosen
17%
52Friedrich NietzschePoetisches Hauptwerk Nietzsches, in der die Lehre vom Übermenschen und dem Tod Gottes dargelegt wirdAlso sprach Zarathustra
16%
50Niccolo MacchiavelliBuch, welches pragmatische, amoralische Ratschläge für Monarchen gibtDer Fürst
16%
56Karl Marx, Friedrich EngelsWerk in dem die Ideologischen und Programmatischen Grundsätze des marxistischen Kommunismus dargelegt werdenManifest der kommunistischen Partei
16%
46VoltaireRoman, in dem ein optimistischer Protagonist durch die Welt zieht und ihm dabei allerlei Unglück geschieht. Kritisiert den Optimismus der "besten aller möglichen Welten"Candide
15%
21Giovanni BoccaccioRoman, welcher aus 100 Kurzgeschichten besteht, welche an 10 Tagen von 10 Personen erzählt werden, welche vor der Pest aufs Land fliehenDekameron
15%
47Joseph ConradRoman über einen Flussbootkapitän auf dem Kongo, der auf den grausamen Elfenbeinhändler Kurtz trifft. Kritisiert dabei die Kolonialgräuel im Freistaat Kongo und bringt diese ans LichtHerz der Finsternis
15%
74UnbekanntSumerisches Epos, welches die Geschichte eines Königs von Uruk und seine Suche nach der Unsterblichkeit erzähltGilgamesch-Epos
14%
57Immanuel KantWerk der theoretischen Philosphie, in der die Kategorien des Verstandes als notwendiges Fundament der Erkenntnis aufgeführt werdenKritik der reinen Vernunft
14%
53Gabriel García MárquezFamiliengeschichte der Familie Buendia in der Ortschaft Macondo, welche die Geschichte Lateinamerikas spiegelt. Wichtiges Werk des Magischen RealismusHundert Jahre Einsamkeit
11%
39Simone de BeauvoirFeministisches Werk, in dem der männliche Blick auf das weibliche Geschlecht, sowie der Unterschied zwischen biologischem und sozialem Geschlecht erläutert wirdDas andere Geschlecht
10%
89Bertha von SuttnerPazifistischer Roman, in dem die Angehörigen der Protagonistin Martha Althaus am Krieg und an Kriegsfolgen sterbenDie Waffen nieder!
10%
97James Fenimore CooperIndianer-Roman-Zyklus, welche die Abenteuer von Natty Bumppo erzählt. Bekannter Teil der Reihe ist der Roman "Der letzte Mohikaner"Lederstrumpf
10%
31Adam SmithLiberales Grundwerk der Nationalökonomie, welches mithalf die Wirtschaftswissenschaft zu begründenDer Wohlstand der Nationen
9%
66Club of RomePrognose über die Folgen des Wirtschaftswachstums auf die Umwelt und den weltweiten RessourcenverbrauchDie Grenzen des Wachstums
9%
77John MiltonVersepos, welches den Höllensturz Luzifers und der gefallenen Engel, sowie die Vertreibung Adams und Evas aus dem Paradies erzähltDas verlorene Paradies
8%
12Theodor HerzlZionistisches Werk, in der die Notwendigkeit eines jüdischen Nationalstaates dargelegt wirdDer Judenstaat
8%
79Denis Diderot, D’Alembert et alProjekt der Aufklärung, das damals vorhandene Wissen in einem Buch zu bündelnEnzyklopädie
8%
86Jean-Jacques RousseauPolitisches Werk der Aufklärung, in dem beschrieben wird, wie ein Staat mit demokratischen Verfassung aussehen kannVom Gesellschaftsvertrag oder Prinzipien des Staatsrechtes
8%
48HerodotVersuch einer allgemeinen Weltgeschichte des "Vaters der Geschichtsschreibung"Historien
5%
55Augustinus von HippoTheologisch-Philosophisches Werk, in dem die Zwei-Reiche-Lehre (Irdisches Reich, Gottesreich) erläutert wirdVom Gottesstaat
5%
80Donatien Marquis de SadeRoman, in dem sadistische Sexualpraktiken, Pädophilie und weitere Tabubrüche von vier reichen Leuten (Libertines) an Sklavinnen und Sklaven geschildert werden.Die 120 Tage von Sodom oder Die Schule der Libertinage
4%
16EuklidLehrbuch der Geometrie, welche die damals bekannten Sätze der Geometrie aus einer kleinen Anzahl an (weitesgehend) offensichtlichen Axiomen herleitetElemente
4%
60Ayn RandRoman, in der sich Unternehmer unter dem Druck von Regulierungen und einem Streik zurückziehen und dadurch die Wirtschaft ruiniert wirdAtlas wirft die Welt ab
3%
54ThukydidesGeschichtswerk über einen Krieg zwischen Sparta und Athen, in dem Thukydides im Gegensatz zu seinem Kollegen Herodot versucht, seine objektiv-wissenschaftlich zu arbeitenDer Peleponnesische Krieg
3%
11Wu Cheng’enGeschichte, in der ein Mönch zusammen mit dem Affenkönig Son Wukon reist. Vorlage u.a. für DragonballDie Reise nach Westen
3%
95Primo LeviAutobiographische Schilderung des Alltags in einem Nazi-Konzentrationslager. Dabei wird geschildert, wie das Konzentrationslager seine Insassen entmenschlichtIst das ein Mensch?
3%
15AristotelesAristotelische Schriften zum Thema der LogikOrganon
3%
88Georg Wilhelm Friedrich HegelErkenntnistheoretisches Werk, in dem ein Dialektischer Prozess von der Warnehmung über das Bewusstsein, die Vernunft u.a. zum absoluten Wissen des Weltgeistes beschrieben wirdPhänomenologie des Geistes
3%
25Isaac NewtonHauptwerk Newtons, in der die Newtonsche Mechanik beschrieben wird und unter anderem das Gesetz der Schwerkraft erläutert wirdPhilosophiae Naturalis Principia Mathematica
3%
40Gustave Le BonAbhandlung über das Kollektivverhalten und Kollektivempfinden von MassengesellschaftenPsychologie der Massen
3%
58Martin LutherSchrift, welche die katholische Sakrilegslehre kritisiert und dadurch die endgültige Ablösung der evangelischen von der katholischen Kirche besiegeltVon der babylonischen Gefangenschaft der Kirche
3%
42Vladimir LeninProgrammatische Schrift des Marxismus-Leninismuses, welche die Notwendigkeit einer kommunistischen Avantgarde-Partei begründetWas Tun?
3%
35Siegmund FreudText, in dem ein Modell der Psyche, das Drei-Instanzen-Modell beschrieben wirdDas Ich und das Es
2%
75Marco PoloReiseberichte Marco Polos, welche im Mittelalter an den Hof Kublai Khans gelangteDie Wunder der Welt
2%
96Virginia WoolfEssay, welches erklärt, wie Frauen durch soziale, ökonomische und kulturelle Faktoren diskriminiert werden und dadurch trotz hinreichendem Talent daran gehindert werden, literarischen Erfolg zu erlangenEin Zimmer für sich allein
2%
4KonfuziusSammlung an Aussprüchen des Konfuzius, welche von seinen Schülern zusammengestellt wurdenAnalekten des Konfuzius
1%
41LaoziSammlung von Aphorismen Laozis, wichtigste Schrift des DaoismusDaodejing
1%
81Xueqin CaoKlassischer Roman der chinesischen Literatur, welcher vom Niedergang der Jia-Familie berichtetDer Traum der roten Kammer
1%
64Friedrich HayekWirtschaftsliberales Werk, welches vor dem Verlust an Freiheiten durch den Ausbau von zentraler Wirtschaftsplanung durch die Regierung warntDer Weg in die Knechtschaft
1%
84Leopold von RankeWissenschaftliche Buchreihe (6 Bände) über das späte 15. und das 16. Jahrhundert in Deutschland. Maßgebend für die Implementierung der wissenschaftlichen Methode in der GeschichtsschreibungDeutsche Geschichte im Zeitalter der Reformation
1%
34Galileo GalileiArgumentation für ein heliozentrisches Weltbild in DialogformDialog über die beiden Weltsysteme
1%
36Peter KropotkinText, welcher die Vision einer anarchistischen Gesellschaft mit "Wohlstand für Alle" beschreibtDie Eroberung des Brotes
1%
78Luo GuanzhongDramatisierter Geschichtsroman, welcher von der Zeit während und nach dem Untergang der Han-Dynastie erzähltDie Geschichte der Drei Reiche
1%
33Thomas MalthusAbhandlung über das "Problem der Überbevölkerung"Eine Abhandlung über das Bevölkerungsgesetz
1%
100Hannah ArendtBuch, welches die historischen Entwicklungen analysiert, die zu der Totalitären Herrschaft Stalins und Hitlers führten. Analysiert dabei unter anderem die Entstehung des modernen AntisemitismusesElemente und Ursprünge totaler Herrschaft
1%
61Olympe de GougesFeministische Replik auf die Erklärung der Menschenrechte während der Französischen Revolution, die gleiche Rechte für Männer und Frauen fordertErklärung der Rechte der Frau und Bürgerin
1%
43Joseph SchumpeterVolkswirtschaftliche Schrift, welche die Vorzüge des Kapitalismus aufführt und das Konzept der "Schöpferischen Zerstörung" entwirft und begründet, dass der Kapitalismus in den Sozialismus übergehen wirdKapitalismus, Sozialismus und Demokratie
1%
73VedavyasaIndischer Nationalepos, welcher den Kampf zwischen den Kauravas und den Pandavas beschreibtMahabharata
1%
72ValmikiIndischer Nationalepos, welcher von den Taten des Prinzen Ramas erzähltRamayana
1%
71UnbekanntVedische Textsammlung, welche aus über 1000 Hymnen aufgeteilt in 10 Mandalas besteht. Heiliger Text im HinduismusRigveda
1%
24Abu l-Qasem-e FirdausiUmfangreiches iranisches Nationalepos aus dem Mittelalter, welches die (teilweise mythische) Geschichte des Landes vor der Eroberung durch die Araber schildertSchāhnāme
1%
3UnbekanntSammlung an Vedischen Texten philosophisch-religiöser Natur, bedeutend im HinduismusUpanishaden
1%
59Johannes CalvinHauptwerk der Calvinistischen TheologieInstitutio Christianae Religionis
0%
70René DescartesPhilosophisches Werk, in dem Versucht wird, eine vollständig rationalistische Ontologie zu konstruieren. Enthält das bekannte Zitat "Ich denke, also bin ich"Von der Methode des richtigen Vernunftgebrauchs und der wissenschaftlichen Forschung
0%

Verteilung der Resultate

Perzentil nach korrekt beantworteten Fragen

Anzahl Personen mit jedem Resultat

Ihre Resultats-Entwicklung

Sie haben dieses Quiz noch nicht gespielt